000 00186 a2200097 4500
020 _a9780395920015
041 _aeng
100 _aAmanda Graham
245 _aEducating Arthur
942 _cK
999 _c31285
_d31283